Statistics for British Postcodes Quiz

Click here to take the quiz!

General Stats

  • This quiz has been taken 124 times
  • The average score is 102 of 120

Answer Stats

Postcode AreaPostcode% Correct
AberdeenAB
100%
BirminghamB
100%
BathBA
100%
BromleyBR
100%
DartfordDA
100%
DerbyDE
100%
LiverpoolL
100%
North LondonN
100%
North West LondonNW
100%
BradfordBD
96%
BoltonBL
96%
CroydonCR
96%
CoventryCV
96%
East LondonE
96%
ManchesterM
96%
Newcastle upon TyneNE
96%
NorthamptonNN
96%
OxfordOX
96%
PaisleyPA
96%
SheffieldS
96%
BlackburnBB
93%
CarlisleCA
93%
CambridgeCB
93%
CardiffCF
93%
ChesterCH
93%
ColchesterCO
93%
CreweCW
93%
DundeeDD
93%
EnfieldEN
93%
LancasterLA
93%
LeicesterLE
93%
LlandudnoLL
93%
LutonLU
93%
MedwayME
93%
Milton KeynesMK
93%
OldhamOL
93%
PeterboroughPE
93%
PortsmouthPO
93%
PrestonPR
93%
SwanseaSA
93%
SloughSL
93%
Stoke-on-TrentST
93%
South West LondonSW
93%
West LondonW
93%
DoncasterDN
89%
East Central LondonEC
89%
ExeterEX
89%
FalkirkFK
89%
GlasgowG
89%
GloucesterGL
89%
GuildfordGU
89%
HarrowHA
89%
HullHU
89%
HalifaxHX
89%
InvernessIV
89%
LincolnLN
89%
LeedsLS
89%
PlymouthPL
89%
Southend-on-SeaSS
89%
YorkYO
89%
BrightonBN
85%
BristolBS
85%
DarlingtonDL
85%
DudleyDY
85%
EdinburghEH
85%
HuddersfieldHD
85%
IpswichIP
85%
NewportNP
85%
NorwichNR
85%
RomfordRM
85%
South East LondonSE
85%
StockportSK
85%
SouthamptonSO
85%
TorquayTQ
85%
TwickenhamTW
85%
WarringtonWA
85%
West Central LondonWC
85%
WolverhamptonWV
85%
BelfastBT
81%
ChelmsfordCM
81%
CanterburyCT
81%
DurhamDH
81%
Llandrindod WellsLD
81%
NottinghamNG
81%
RedhillRH
81%
SwindonSN
81%
TauntonTA
81%
TruroTR
81%
TeessideTS
81%
WakefieldWF
81%
St AlbansAL
78%
Kingston upon ThamesKT
78%
ReadingRG
78%
ShrewsburySY
78%
TelfordTF
78%
BournemouthBH
74%
DorchesterDT
74%
KirkwallKW
74%
PerthPH
74%
Tunbridge WellsTN
74%
WatfordWD
74%
WiganWN
74%
WalsallWS
74%
BlackpoolFY
70%
HerefordHR
70%
KilmarnockKA
70%
MotherwellML
70%
StevenageSG
70%
SalisburySP
70%
WorcesterWR
70%
DumfriesDG
67%
SunderlandSR
67%
HebridesHS
63%
KirkcaldyKY
63%
GalashielsTD
63%
Hemel HempsteadHP
59%
LerwickZE
59%
SuttonSM
56%
IlfordIG
52%
SouthallUB
33%

Score Distribution

Percentile by Number Answered

Percent of People with Each Score

Your Score History

You have not taken this quiz